| 000 | 01293nam a2200301 4500 | ||
|---|---|---|---|
| 001 | 0000019692 | ||
| 003 | CO-CtgCURN | ||
| 005 | 20250331184353.0 | ||
| 007 | ta | ||
| 008 | 160627s1998 000 0 eng d | ||
| 020 | _a9586017508 | ||
| 040 |
_aCO-CtgCURN _bspa _ccoctgcurn |
||
| 082 | 0 |
_a301.243 _bCh17h |
|
| 100 | 1 | _aCharum, Jorge. | |
| 245 | 1 | 0 |
_aHacer ciencia en un mundo globalizado : _bla diaspora cientifica colombiana en perspectiva / _cJorge Charum, Jean Baptiste Meyer. |
| 260 |
_aBogotá : _bColciencias universidad nacional, _c1998. |
||
| 300 | _a211 p. | ||
| 336 | _2rdacontent | ||
| 337 |
_2rdamedia _asin mediacion _bn |
||
| 338 |
_2rdacarrier _avolumen _bnc |
||
| 504 | _aBibliografia (p 209 - 211) | ||
| 505 | 8 | _aGeneracion de un sistema de informacion y construcción de indicadores de las acumulaciones y de las dinamicas sociales y cientificas de la red Calda.--Las potencialidades y limitaciones de la red caldas de investigadores colombianos en el exterior los proyectos internacionales conjuntos un estudio de casos | |
| 650 | 1 | 4 |
_aCiencia y tecnología _vInvestigaciones _zColombia. |
| 700 | 1 | _aMeyer Baptiste, Jean. | |
| 908 | _a160627 | ||
| 942 |
_cBK _h301.243 _iCh17h _2ddc |
||
| 999 |
_c17611 _d17611 |
||